Forecasting and predictive analytics with forecast (Record no. 396988)

MARC details
000 -LEADER
fixed length control field 00672 a2200253 4500
005 - DATE & TIME
control field 20260417115542.0
008 - FIXED-LENGTH DATA ELEMENTS--GENERAL INFORMATION
fixed length control field 260416b |||||||| |||| 00| 0 eng d
020 ## - ISBN
International Standard Book Number 9789390219452
Price Rs. 1065.00
040 ## - CATALOGING SOURCE
Original cataloging agency VIVEKANANDA LIBRARY
082 ## - DDC NUMBER
Classification number 338.544
Book Number K221F(7)
100 ## - MAIN ENTRY--PERSONAL NAME
Personal name Keating, Barry
245 ## - TITLE STATEMENT
Title Forecasting and predictive analytics with forecast
250 ## - EDITION STATEMENT
Edition statement 7th
260 ## - PUBLICATION, DISTRIBUTION, ETC. (IMPRINT)
Name of publisher, distributor, etc McGraw Hill Education
Date of publication, distribution, etc 2023
Place of publication, distribution, etc Delhi
300 ## - PHYSICAL DESCRIPTION
Pages xviii, 592
650 ## - Subject
Subject Social Sciences
650 ## - Subject
Subject Economics
650 ## - Subject
Subject Production
650 ## - Subject
Subject Forecasting
700 ## - Added Entry Personal Name
Added Entry Personal Name Wilson, Holton J
700 ## - Added Entry Personal Name
Added Entry Personal Name Chowdhury, Shovan
700 ## - Added Entry Personal Name
Added Entry Personal Name Solutions, John Galt
942 ## - ADDED ENTRY ELEMENTS (KOHA)
Koha item type Books
Holdings
Withdrawn status Lost status Source of classification or shelving scheme Damaged status Not for loan Location (home branch) Sublocation or collection (holding branch) Shelving location Date acquired Koha issues (times borrowed) Koha full call number Accession No. Koha date last seen Koha item type
    Dewey Decimal Classification     VIVEKANANDA LIBRARY VIVEKANANDA LIBRARY IMSAR Library 30/03/2026   338.544 K221F(7) 421019 30/03/2026 Books
© Designed and Maintained by Vivekananda Library, MDU Rohtak